Stratégia udržateľného rozvoja podniku v rámci odpadového hospodárstva
Využívanie obnoviteľných zdrojov v poľnohospodárstve. Základné priority presadzované Európskou úniou v rámci spoločnej poľnohospodárskej politiky a udržateľný rozvoj poľnohospodárstva. Environmentálne manažérstvo a eliminovanie negatívnych dopadov na životné prostredie.
Salvato in:
| Autore principale: | |
|---|---|
| Natura: | Capitolo di libro |
| Lingua: | slovacco |
| Soggetti: | |
| Tags: |
Nessun Tag, puoi essere il primo ad aggiungerne!!
|
MARC
| LEADER | 00000naa a2200000 4500 | ||
|---|---|---|---|
| 001 | 0222674 | ||
| 005 | 20240502073639.0 | ||
| 041 | 0 | |a slo | |
| 044 | |a SK | ||
| 245 | 1 | 0 | |a Stratégia udržateľného rozvoja podniku v rámci odpadového hospodárstva |c Lenka Štofová |
| 520 | |a Využívanie obnoviteľných zdrojov v poľnohospodárstve. Základné priority presadzované Európskou úniou v rámci spoločnej poľnohospodárskej politiky a udržateľný rozvoj poľnohospodárstva. Environmentálne manažérstvo a eliminovanie negatívnych dopadov na životné prostredie. | ||
| 610 | 2 | 0 | |a poľnohospodárstvo ekologické |
| 610 | 2 | 0 | |a rozvoj trvalo udržateľný |
| 610 | 2 | 0 | |a manažment environmentálny |
| 610 | 2 | 0 | |a ochrana prostredia životného |
| 610 | 2 | 0 | |a hospodárstvo odpadové |
| 100 | 1 | |a Štofová, Lenka, 1989- | |